Normal view
MARC view
Entry Geographic Name
001 - CONTROL NUMBER
- control field: 5134
003 - CONTROL NUMBER IDENTIFIER
- control field: ARRUPE
005 - DATE AND TIME OF LATEST TRANSACTION
- control field: 20131204140339.0
008 - FIXED-LENGTH DATA ELEMENTS
- fixed length control field: 131204|| aca||aabn | a|a d
040 ## - CATALOGING SOURCE
- Original cataloging agency: ARRUPE
- Transcribing agency: ARRUPE
151 ## - HEADING--GEOGRAPHIC NAME
- Geographic name: United States
- General subdivision: Politics and government.
670 ## - SOURCE DATA FOUND
- Source citation: Work cat.: (ARRUPE)0: Lane, Robert Edwards. 5132, Political life: why people get involved in politics., [1959]